Návrh odkanalizovania sídliska v meste Komárno

Salvato in:
Dettagli Bibliografici
Autore principale: Molnárová, Lenka, 1988- (Autore)
Altri autori: Rusnák, Dušan, 1952- (Relatore della tesi)
Natura: Manoscritto Libro
Lingua:slovacco
Pubblicazione: Bratislava : STU v Bratislave SvF, 2012
Accesso online:VAIS
Tags: Aggiungi Tag
Nessun Tag, puoi essere il primo ad aggiungerne!!

MARC

LEADER 00000ntm a22000003a 4500
001 stu251854
005 20150617230227.8
008 120720s2012----xo------------------slo-d
040 |a STU  |b slo 
041 0 |a slo 
044 |a xo 
100 1 |a Molnárová, Lenka,  |d 1988-  |4 aut  |u V280  |U SvF Stavebná fakulta  |T SvF Katedra zdravotného inžinierstva  |X 49106  |U V280  |Y 29  |7 A000049106 
242 0 0 |a The aplication of integrated access to the suggestion of discanalization of a settlement  |y eng 
245 1 |a Návrh odkanalizovania sídliska v meste Komárno  
260 |a Bratislava :  |b STU v Bratislave SvF,  |c 2012 
700 1 |a Rusnák, Dušan,  |d 1952-  |4 ths  |u V280  |U SvF Stavebná fakulta  |T SvF Katedra zdravotného inžinierstva  |X 719  |U V280  |Y 29  |7 A000000719 
856 4 |a info a plný text  |u http://is.stuba.sk/zp/portal_zp.pl?podrobnosti=94225  |3 VAIS